| 000 | 00595nam a2200193 a 4500 | ||
|---|---|---|---|
| 005 | 20240925065534.0 | ||
| 008 | 991125s1964 es 000 0 spa u | ||
| 035 | _aUPN01000000397 | ||
| 049 | _aCG | ||
| 050 | 4 |
_aHM51 _bS6.28 1964 |
|
| 100 | 1 |
_aSorokin, Pitirim Aleksandrovich, _d1889-1968 |
|
| 245 | 1 | 0 |
_aAchaques y manías de la sociología moderna y ciencias afines / _cPitirim A. Sorokin ; tr. y nota prelim. de Luis Rodríguez Aranda. |
| 250 | _a2a ed. | ||
| 260 |
_aMadrid : _bAguilar, _c1964. |
||
| 300 | _a458 p. | ||
| 440 | 0 | _aLiteraria | |
| 650 | 4 |
_aSociología _95756 |
|
| 905 | _aLibro | ||
| 999 |
_c397 _d397 |
||